El criterio.

שמור ב:
מידע ביבליוגרפי
מחבר ראשי: Balmes Urpiá, Jaime Luciano (autor)
מחברים אחרים: Gomis, Juan Bautista, Fray (prefacio)
פורמט: ספר
שפה:ספרדית
יצא לאור: Madrid, España: Aguilar, 1960.
סדרה:Colección Crisol; 19
נושאים:
תגים: הוספת תג
אין תגיות, היה/י הראשונ/ה לתייג את הרשומה!

MARC

LEADER 00000nam a2200000 a 4500
001 UCW8590
003 CL-VaPUC
005 20220822114501.0
008 881006e19600000SP |||||||||||||||||spa|d
999 |c 435985  |d 435983 
040 |c Pontificia Universidad Católica de Valparaíso 
082 0 7 |a 121.6 BAL 1960  |2 21 
100 0 |a Balmes Urpiá, Jaime Luciano  |e autor  |9 313807 
245 1 3 |a El criterio. 
260 |a Madrid, España:  |b Aguilar,   |c 1960. 
300 |a 470 páginas.  
490 |a Colección Crisol;   |v  19 
500 |a c.1 Donación Familia Prof. Alejandro Guzmán Brito. 
583 |a last modification  |c 20190725 04:06:42  |k Cristina María Rojas Aguilar 
650 7 |a Criterio  |2 CL-VaPUC  |9 313808 
650 0 |a Teoría del conocimiento   |9 255038 
700 |a Gomis, Juan Bautista, Fray   |e prefacio  |9 870617 
942 |c BK  |2 ddc  |n 0 
952 |0 0  |1 0  |2 ddc  |4 0  |6 121_600000000000000_BAL_1960  |7 0  |8 C_AGB  |9 583649  |a BIBDER  |b BIBDER  |d 2022-06-13  |e Donación   |i 5651776  |o 121.6 BAL 1960  |p 5651776  |r 2023-01-25  |w 2022-06-13  |y BK_US  |k AGB